| Tag |
First Indicator |
Second Indicator |
Subfields |
| LEADER |
00000cam a2200000 a 4500 |
| 001 |
in00001403890 |
| 005 |
20151020054236.0 |
| 008 |
950111s1994 okua f 001 0 eng |
| 010 |
|
|
|a 94061532
|
| 020 |
|
|
|a 087939112X
|
| 035 |
|
|
|a (OCoLC)31961578
|
| 035 |
|
|
|9 AHN0855AM
|
| 040 |
|
|
|a DLC
|c DLC
|d TXA
|d UtOrBLW
|
| 049 |
|
|
|a TXAM
|
| 050 |
0 |
0 |
|a T55.3.H3
|b H45 1994
|
| 082 |
0 |
0 |
|a 604.7
|2 20
|
| 245 |
0 |
0 |
|a Hazardous materials for first responders /
|c edited by Michael Wieder, Carol Smith, Cynthia Brakhage.
|
| 246 |
1 |
8 |
|a IFSTA hazardous materials
|
| 250 |
|
|
|a 2nd ed.
|
| 264 |
|
1 |
|a Stillwater, Okla. :
|b Fire Protection Publications, Oklahoma State University,
|c [1994]
|
| 264 |
|
4 |
|c ©1994
|
| 300 |
|
|
|a xxix, 252 pages :
|b illustrations (some color) ;
|c 28 cm.
|
| 336 |
|
|
|a text
|b txt
|2 rdacontent
|
| 337 |
|
|
|a unmediated
|b n
|2 rdamedia
|
| 338 |
|
|
|a volume
|b nc
|2 rdacarrier
|
| 500 |
|
|
|a New edition of: HazMat for first responders.
|
| 500 |
|
|
|a "International Fire Service Training Association"--Cover.
|
| 500 |
|
|
|a Accompanied by: Study Guide for Second Edition of Hazardous Materials for First Responders.
|
| 500 |
|
|
|a "35700"--Spine.
|
| 500 |
|
|
|a Includes index.
|
| 650 |
|
0 |
|a Hazardous substances
|x Safety measures
|v Handbooks, manuals, etc.
|
| 700 |
1 |
|
|a Wieder, Michael A.
|
| 700 |
1 |
|
|a Smith, Carol M.
|
| 700 |
1 |
|
|a Brakhage, Cynthia.
|
| 710 |
2 |
|
|a International Fire Service Training Association.
|
| 730 |
0 |
|
|a HazMat for first responders.
|
| 740 |
0 |
|
|a Study Guide for Second Edition of Hazardous Materials for First Responders.
|
| 948 |
|
|
|a c:rd
|
| 999 |
|
|
|a MARS
|
| 999 |
f |
f |
|s 2be42ae5-decf-3e84-b5c4-e0ebfd509728
|i 9a5565f4-3d8e-320e-bce6-a8541be22f44
|t 0
|
| 952 |
f |
f |
|p ric
|a Texas A&M University
|b Rellis Campus
|c Joint Library Facility
|d Remote Storage
|t 0
|e T55.3.H3 H45 1994
|h Library of Congress classification
|i unmediated -- volume
|m A14822404316
|
| 998 |
f |
f |
|a T55.3.H3 H45 1994
|t 0
|l Remote Storage
|